Prechodné javy v elektrizačných sústavách : Príklady

Salvato in:
Dettagli Bibliografici
Autori principali: Kvasnica, Pavol (Autore), Jevčák, Milan (Autore)
Natura: Libro
Lingua:slovacco
Pubblicazione: Košice : Vysoká škola technická v Košiciach, 1982
Edizione:2. vyd.
Tags: Aggiungi Tag
Nessun Tag, puoi essere il primo ad aggiungerne!!

MARC

LEADER 00000nam a22000003a 4500
001 stu25961
005 20150617225743.3
008 980608s1982------------------------slo-d
040 |a STU  |b slo 
041 0 |a slo 
100 1 |a Kvasnica, Pavol  |4 aut 
245 1 |a Prechodné javy v elektrizačných sústavách :  |b Príklady 
250 |a 2. vyd. 
260 |a Košice :  |b Vysoká škola technická v Košiciach,  |c 1982 
300 |a 197 s 
700 1 |a Jevčák, Milan  |4 aut 
996 |b 284ES14768  |c E*S-18975  |l EE01  |s A  |a 24  |w stu25961_0001